000 00800cam a2200229 a 4500
001 000006035
005 20200929151909.0
008 010306s2000 pr 001 0 spa d
020 _a1563281627
040 _aDO-SdBNP
_cPIF
_dDLC
042 _alccopycat
082 _aRP861.4
_bL181r
100 1 _aLaguerre, Enrique A.
_q(Enrique Arturo Laguerre Vélez)
_d1906-2005
_917020
245 1 0 _aResiduos de los tiempos /
_cEnrique Laguerre.
260 _aSan Juan, Puerto Rico; :
_bPlaza Mayor,
_c2000.
300 _a90 p. ;
_c21 cm.
490 1 _aBiblioteca de autores de Puerto Rico
_vno. 83
650 4 _aPoesía puertorriqueña
_91015
650 4 _aLiteratura puertorriqueña
_ySIGLO XX
_95311
830 0 _aBiblioteca de autores de Puerto Rico ;
_vno. 83
_99722
910 _aCatalogación por copia / LC
999 _c5831
_d5831